000
00456nam a2200181Ia 4500
008
090124s9999 xx 000 0 und d
082
_b
122000
100
_a
मंगेशकर गीता
245
_a
अ.म.ल.
250
_a
1
260
_c
1987
300
_a
205
600
_a
मंगेशकर गीता
630
_a
अ.म.ल.
700
_a
मंगेशकर गीता
730
_a
अ.म.ल.
942
_c
BOOK
999
_c
168086
_d
168086